| 000 | 00846nam a22002897a 4500 | ||
|---|---|---|---|
| 001 | 21602913 | ||
| 003 | LIBRIS | ||
| 005 | 20241028095155.0 | ||
| 008 | 170926s2016 us |||||||||||00| 1|eng c | ||
| 020 | _a9780765388100 | ||
| 035 | _a(Adlibris)9780765388100 | ||
| 040 |
_aeng _beng _cDLC |
||
| 041 | _aeng | ||
| 080 |
_a821.111 _bC-17 |
||
| 082 | 0 | 4 |
_a810 _222 (machine generated) |
| 084 |
_aHeq _2kssb/8 |
||
| 100 | 1 | _aCameron, W. Bruce | |
| 245 | 1 | 0 |
_aA Dog's Purpose _cW. Bruce Cameron _b/ by: A Tom Doherty Associates Book |
| 260 |
_bNew York _c2016 _aA Tom Doherty Associates Book |
||
| 300 | _a323 p. | ||
| 365 | _b9.99 usd | ||
| 650 | 0 |
_9247 _aEnglish literature |
|
| 653 | _aინგლისური ლიტერატურა | ||
| 942 |
_2udc _cBK |
||
| 999 |
_c2083 _d2083 |
||